Tratado de Botánica

Saved in:
Bibliografiske detaljer
Hovedforfatter: Gola, Giuseppe (autor)
Andre forfattere: Negri, Giovanni (autor), Cappelletti, Carlo (autor)
Format: Bog
Sprog:spansk
Udgivet: Barcelona, España Labor 1959
Udgivelse:Segunda edición
Fag:
Tags: Tilføj Tag
Ingen Tags, Vær først til at tagge denne postø!

MARC

LEADER 00000nam a2200000 a 4500
001 UCU3429
003 CL-VaPUC
005 20240123153800.0
008 960510e19590000SP |||||||||||||||||spa|d
999 |c 247444  |d 247442 
040 |c Pontificia Universidad Católica de Valparaíso 
082 0 4 |a 581 GOL 1959  |2 21 
100 1 |a Gola, Giuseppe  |e autor  |9 874252 
245 1 0 |a Tratado de Botánica 
250 |a Segunda edición 
260 |a Barcelona, España  |b Labor  |c 1959 
300 |a 1160 páginas 
583 |a last modification  |c 19960510 00:00:00  |k Rodrigo Vera 
650 0 |a Botánica  |9 264202 
650 0 |a Morfología vegetal   |9 261628 
650 0 |a Biología celular  |9 341055 
650 0 |a Genética vegetal  |9 264341 
650 0 |a Histología   |9 264868 
650 0 |a Anatomía vegetal  |9 269541 
650 0 |a Fisiología vegetal  |9 260158 
650 0 |a Desarrollo vegetal  |9 338112 
650 7 |a FITOGEOGRAFIA  |2 CL-VaPUC  |9 264646 
650 0 |a Ecología   |9 258124 
700 |a Negri, Giovanni  |e autor  |9 400864 
700 |a Cappelletti, Carlo  |e autor  |9 874253 
942 |c BK  |2 ddc 
945 |d 19960510 00:00:00  |a rleighto